Culture Générale - Clic Quiz - La réponse est en emoji par IA #5 - Statistiques

Statistiques générales
  • Ce quiz a été pris 455 fois
  • Le résultat moyen est 20 sur 40
Statistiques - réponses
Hint Réponse % Correct
Novak Djokovic
91%
Leonardo DiCaprio
89%
Roger Federer
86%
Orelsan
85%
Kaaris
83%
Isaac Newton
77%
Tupac Shakur
75%
Harrison Ford
75%
Mohammed ben Salmane
72%
Travis Scott
72%
Jay-Z
71%
Jeffrey Dahmer
70%
Robin Williams
70%
Benjamin Netanyahu
68%
Archimède
63%
Matthew Perry
60%
Andy Murray
57%
Mel Gibson
55%
Recep Tayyip Erdogan
50%
René Descartes
49%
Russell Crowe
48%
Yasser Arafat
45%
Edgar Allan Poe
44%
Brendan Fraser
42%
Andre Agassi
42%
Alexandre Loukachenko
41%
Hassan Rohani
40%
John McEnroe
39%
Boris Becker
38%
Dexter Morgan
38%
Sitting Bull
38%
Alan Turing
26%
Andy Garcia
26%
Dmitry Medvedev
21%
George Orwell
17%
Ulysses S. Grant
17%
Jesse Custer
15%
Walt Whitman
14%
Charles Lee Ray
10%
Ralph Waldo Emerson
9%
Aucun quiz correspondant
Distribution des résultats
% des personnes avec chaque résultat
Percentile par nombre de réponses
Votre historique - résultats
Vous n’avez pas pris ce quiz